000 00724cam a2200157 4500500
005 20260329021412.0
041 _afre
042 _adc
100 1 0 _aBenosman, Djaouida
_eauthor
245 0 0 _aPages de début
260 _c2013.
500 _a73
520 _aÉtude clinique visant à mettre en évidance le role de la personnalité, à savoir traits et troubles codifiés, dans la prise en charge psychothérapiques (thérapie cognitive) des troubles dépressifs. Ce travail était dirigé par le Docteur Nasra Kouider de l’Université d’Oran.
786 0 _nPsy Cause | 62 | 1 | 2013-01-14 | p. 1-1 | 1245-2394
856 4 1 _uhttps://shs.cairn.info/revue-psy-cause-2013-1-page-1?lang=fr&redirect-ssocas=7080
999 _c1912297
_d1912297